|
|
|
|
| LEADER |
01390nam a22003017a 4500 |
| 001 |
27999 |
| 003 |
BD-DhAAL |
| 005 |
20220829153908.0 |
| 008 |
140423s2013 bg a 000 0 eng d |
| 999 |
|
|
|c 14305
|d 14305
|
| 020 |
|
|
|a 9789848952061
|
| 040 |
|
|
|a BD-DhAAL
|c BD-DhAAL
|
| 041 |
|
|
|a eng
|
| 082 |
0 |
0 |
|a 338.272095492
|
| 245 |
0 |
0 |
|a Energy challenges and phulbari crisis /
|c edited by Philip Gain; language editing assistance by Brother Jarlath D'Souza; editorial assistance by Ainud Sony
|
| 260 |
|
|
|a Dhaka :
|b Society for Environment and Human Development (SHED),
|c 2013.
|
| 300 |
|
|
|a viii, 230 pages :
|b illustrations, map ;
|c 22 cm.
|
| 526 |
|
|
|a GenEd
|
| 541 |
|
|
|a Book Finder International
|e 27999, 39491
|
| 650 |
|
0 |
|a Coal mines and mining
|z Bangladesh.
|9 4339
|
| 650 |
|
0 |
|a Phulbari Coal Project
|z Bangladesh.
|9 4340
|
| 650 |
|
0 |
|a Energy policy
|z Bangladesh.
|9 4341
|
| 650 |
|
0 |
|a Economics.
|9 51163
|
| 700 |
1 |
|
|a Gian, Philip.
|9 4342
|
| 852 |
|
|
|a Ayesha Abed Library
|c General Stacks
|
| 942 |
|
|
|2 ddc
|c BK
|
| 952 |
|
|
|0 0
|1 0
|2 ddc
|4 0
|6 338_272095492000000_ENE
|7 0
|9 24194
|a IGS
|b IGS
|c GEN
|d 2014-04-23
|e The University Press Limited
|g 300.00
|l 0
|o 338.272095492 ENE
|p 3010027999
|r 2014-04-23
|t 1
|w 2014-04-23
|y BK
|
| 952 |
|
|
|0 0
|1 0
|2 ddc
|4 0
|6 338_272095492000000_ENE
|7 0
|9 71542
|a SCL
|b SCL
|c GEN
|d 2022-08-03
|e Book Finder International
|g 241.33
|l 0
|o 338.272095492 ENE
|p 3020039491
|r 2022-08-03
|t 2
|v 0.00
|w 2022-08-03
|y BK
|